Podnikové financie
Gespeichert in:
| 1. Verfasser: | |
|---|---|
| Körperschaft: | |
| Format: | Buch |
| Sprache: | Slowakisch |
| Veröffentlicht: |
Bratislava
EU
1994
|
| Ausgabe: | 2. skrátené vydanie |
| Schlagworte: | |
| Tags: |
Keine Tags, Fügen Sie das erste Tag hinzu!
|
MARC
| LEADER | 00000nam a2200000 4500 | ||
|---|---|---|---|
| 001 | c005123 | ||
| 005 | 20221214074646.0 | ||
| 020 | |a 80-225-0562-5 | ||
| 041 | 0 | |a slo | |
| 044 | |a SK | ||
| 245 | 1 | 0 | |a Podnikové financie |c Karol Vlachynský a kol. |
| 250 | |a 2. skrátené vydanie | ||
| 264 | 1 | |a Bratislava |b EU |c 1994 | |
| 300 | |a 114 s. | ||
| 610 | 2 | 0 | |a financie podnikové |
| 610 | 2 | 0 | |a rozhodovanie finančné |
| 610 | 2 | 0 | |a kapitál |
| 610 | 2 | 0 | |a investície |
| 610 | 2 | 0 | |a rozpočet kapitálový |
| 610 | 2 | 0 | |a aktíva |
| 610 | 2 | 0 | |a majetok obežný |
| 610 | 2 | 0 | |a zásoby |
| 610 | 2 | 0 | |a metódy ekonomicko-matematické |
| 610 | 2 | 0 | |a prostriedky peňažné |
| 610 | 2 | 0 | |a trh finančný |
| 610 | 2 | 0 | |a inštitúcia |
| 610 | 2 | 0 | |a plánovanie finančné |
| 100 | 1 | |a Vlachynský, Karol | |
| 710 | 2 | |a Ekonomická univerzita v Bratislave. Fakulta podnikového manažmentu | |